000 00326 a2200157 4500
001 62018
020 _a9788510054256
040 _cAnchieta - Pituba
100 _aMocellin, Renato
240 1 0 _aHistória 8
_lpor
245 1 0 _aHistória 8
300 _a335
362 0 _a2013
650 4 _aHistória do mundo
942 _cBK
999 _c62018
_d62018